000 00769nam2a22002171 4500
001 RU\NLR\A1SV\107901
005 20251203152403.2
035 _a(NLR Aleph) 009789254
090 _a13486704
_c13486704
100 _a20101012d1922 u y0rusy50 ca
101 0 _arus
200 0 _a№ 2
_e26 окт.
215 _a34 с. с.
461 1 _1001RU\NLR\A1SV\107899
_12000#$aБюллетень$fВЦИК 9 Созыва. 4 сессия$v№ 2
_910129494
_aРСФСР (9). Центральный исполнительный комитет (4 ; 1922)
_cМ.
_d1922
_fВЦИК 9 Созыва. 4 сессия
_tБюллетень
_v№ 2
801 0 _aRU
_bNLR
_c20101012
852 _aNLR
_j21/640-2
852 _aNLR
_j52/442-2
942 _cBOOK
980 _aA1SV
980 _aNB